[Event "GBR-ch Major 105th"]
[Site "Hull"]
[Date "2018.08.01"]
[Round "5"]
[White "Metcalfe, Charlie P"]
[Black "Cawston, M John"]
[Result "1-0"]
[WhiteElo "1762"]
[BlackElo "1871"]
[PlyCount "43"]
[EventDate "2018.07.28"]
[EventType "swiss"]
[EventRounds "9"]
[EventCountry "ENG"]
[SourceTitle "CBM 185 Extra"]
[Source "ChessBase"]
[SourceDate "2018.07.29"]
[SourceVersion "1"]
[SourceVersionDate "2018.07.29"]
[SourceQuality "1"]

1. d4 Nf6 2. Nf3 e6 3. c4 Nc6 4. Nc3 Bb4 5. Bg5 d6 6. e4 h6 7. Bxf6 Qxf6 8. Rc1 0-0 9. Be2 e5 10. 0-0 Bg4 11. Nd5 Qd8 12. a3 Ba5 13. b4 Bb6 14. c5 Bxf3 15. Bxf3 Nxd4 16. cxb6 cxb6 17. Rc7 Rb8 18. Qa4 a6 19. Bg4 Qg5 20. Qd1 Qd8 21. Rd7 Qc8 22. Ne7+ 1-0

[Event "GBR-ch Major 105th"]
[Site "Hull"]
[Date "2018.07.31"]
[Round "4"]
[White "Akeya Price, Robert A"]
[Black "Metcalfe, Charlie P"]
[Result "0-1"]
[WhiteElo "1820"]
[BlackElo "1762"]
[PlyCount "62"]
[EventDate "2018.07.28"]
[EventType "swiss"]
[EventRounds "9"]
[EventCountry "ENG"]
[SourceTitle "CBM 185 Extra"]
[Source "ChessBase"]
[SourceDate "2018.07.29"]
[SourceVersion "1"]
[SourceVersionDate "2018.07.29"]
[SourceQuality "1"]

1. d4 d5 2. c4 dxc4 3. e4 e5 4. d5 Nf6 5. Nc3 b5 6. f3 Bc5 7. Bg5 c6 8. dxc6 Qb6 9. Bxf6 Bf2+ 10. Kd2 gxf6 11. Nge2 Nxc6 12. Nd5 Qa5+ 13. Kc1 Be6 14. Qd2 b4 15. Nxf6+ Ke7 16. Nd5+ Bxd5 17. Qxd5 Be3+ 18. Kb1 Rhd8 19. Qxa5 Rd1+ 20. Kc2 Rd2+ 21. Kb1 Nxa5 22. Ng3 Rd1+ 23. Kc2 Rxa1 24. Nf5+ Ke6 25. Nxe3 b3+ 26. axb3 cxb3+ 27. Kc3 Rc8+ 28. Kb4 Rcc1 29. g3 Nc6+ 30. Kxb3 Nd4+ 31. Kb4 a5# 0-1